| Tag |
First Indicator |
Second Indicator |
Subfields |
| LEADER |
00000nam a2200000 i 4500 |
| 001 |
in00005631313 |
| 006 |
m o d |
| 007 |
cr cnu---unuuu |
| 008 |
230320s2023 stka ob 001 0 eng d |
| 005 |
20250331130610.0 |
| 020 |
|
|
|a 9781474452885
|q (electronic bk.)
|
| 020 |
|
|
|a 1474452884
|q (electronic bk.)
|
| 020 |
|
|
|z 9781474452861
|
| 020 |
|
|
|z 1474452868
|
| 035 |
|
|
|a (NhCcYBP)jstor22573/CTV32SD0P8
|
| 037 |
|
|
|a 22573/ctv32sd0p8
|b JSTOR
|
| 040 |
|
|
|a NhCcYBP
|c NhCcYBP
|
| 043 |
|
|
|a a-ii---
|
| 050 |
|
4 |
|a PN1998.3.B467
|b F55 2023
|
| 072 |
|
7 |
|a PER
|x 004010
|2 bisacsh
|
| 082 |
0 |
4 |
|a 791.430233092
|2 23/eng/20230320
|
| 245 |
0 |
4 |
|a The films of Shyam Benegal /
|c edited by Sneha Kar Chaudhuri, Ramit Samaddar.
|
| 264 |
|
1 |
|a Edinburgh :
|b Edinburgh University Press,
|c [2023]
|
| 300 |
|
|
|a 1 online resource.
|
| 336 |
|
|
|a text
|b txt
|2 rdacontent
|
| 337 |
|
|
|a computer
|b c
|2 rdamedia
|
| 338 |
|
|
|a online resource
|b cr
|2 rdacarrier
|
| 490 |
1 |
|
|a ReFocus. The international directors series
|
| 504 |
|
|
|a Includes bibliographical references and index.
|
| 588 |
0 |
|
|a Print version record.
|
| 600 |
1 |
0 |
|a Benegal, Shyam,
|d 1934-
|x Criticism and interpretation.
|
| 650 |
|
0 |
|a Motion picture producers and directors
|z India.
|
| 655 |
|
7 |
|a Electronic books.
|2 local
|
| 700 |
1 |
|
|a Chaudhuri, Sneha Kar,
|e editor.
|
| 700 |
1 |
|
|a Samaddar, Ramit,
|e editor.
|
| 776 |
1 |
8 |
|i Print version:
|t Films of Shyam Benegal.
|d Edinburgh : Edinburgh University Press, 2022
|z 9781474452861
|
| 830 |
|
0 |
|a ReFocus: the international directors series.
|
| 856 |
4 |
0 |
|u http://proxy.library.tamu.edu/login?url=https://www.jstor.org/stable/10.3366/j.ctv32vqhwg
|z Connect to the full text of this electronic book
|t 0
|
| 955 |
|
|
|a JSTOR DDA record
|
| 999 |
f |
f |
|s 49dd5042-cc37-46c4-aea4-f2d31fb91387
|i 85c6b1e4-9cb0-4c29-8440-1d0245dee1fe
|t 0
|
| 952 |
f |
f |
|a Texas A&M University
|b College Station
|c Electronic Resources
|d Available Online
|t 0
|e PN1998.3.B467 F55 2023
|h Library of Congress classification
|
| 998 |
f |
f |
|a PN1998.3.B467 F55 2023
|t 0
|l Available Online
|